Zrušenie obchodnej spoločnosti bez likvidácie v dôsledku splynutia z pohľadu účtovníctva diplomová práca

Saved in:
Bibliographic Details
Main Author: Holický, Stanislav
Corporate Author: Fakulta hospodárskej informatiky EU. Katedra účtovníctva a audítorstva
Other Authors: Máziková, Katarína
Format: Book
Language:Slovak
Published: Bratislava 2012
Tags: Add Tag
No Tags, Be the first to tag this record!

MARC

LEADER 00000nbm a2200000 4500
001 0154749
005 20161109102142.1
041 0 |a slo 
044 |a SK 
245 1 0 |a Zrušenie obchodnej spoločnosti bez likvidácie v dôsledku splynutia z pohľadu účtovníctva  |b diplomová práca  |c Stanislav Holický ; školiteľ: Katarína Máziková 
264 1 |a Bratislava  |c 2012 
300 |a 63 s. 
100 1 |a Holický, Stanislav 
700 1 |a Máziková, Katarína 
710 2 |a Fakulta hospodárskej informatiky EU. Katedra účtovníctva a audítorstva